000 00820nam a2200193 i 4500
001 42521
003 ES-MaACL
005 20251205142957.0
007 t|
008 030404s1891 sp ||||1| spa d
110 2 _aAsociación Nacional de Ingenieros Industriales (España)
_91761
245 1 0 _aAsociación Nacional de Ingenieros Industriales /
_cmemoria leída ... por Pablo Cáceres de la Torre, barón de Yecla en la Junta general celebrada por la Asociación en día 31 de Enero de 1891.
260 _aMadrid :
_b[s.n.],
_c1891 (
_fImp. Colonial)
300 _a36 p. ;
_c23 cm.
610 2 7 _aAsociación Nacional de Ingenieros Industriales (España)-
_vMemorias
_2
_9134135
700 0 _aCáceres de la Torre, Pablo,
_cbarón de Yecla
_933344
852 _aES-MaACL
_jT-532-F-1
999 _c42521
_d42521